English to German #1 - Statistics

General Stats
  • This quiz has been taken 70 times
  • The average score is 10 of 13
Answer Stats
English German % Correct
Good Gut
97%
Hello Hallo
94%
German Deutsch
85%
School Schule
85%
Bye Tschüss
84%
Head Kopf
79%
Door Tür
73%
Stop Halt
70%
Bad Schlecht
69%
French Französisch
64%
Pen Kuli
64%
Nice Nett
63%
Spanish Spanisch
63%
No matching quizzes found
Score Distribution
Percent of People with Each Score
Percentile by Number Answered
Your Score History
You have not taken this quiz